[Event "12th Capablanca Memorial"]
[Site "Cienfuegos CUB"]
[Date "1975.03.17"]
[Round "10"]
[White "Diaz Diaz, Joaquin"]
[Black "Pesantes Carbajal, Carlos"]
[Result "0-1"]
[WhiteElo "2335"]
[BlackElo "2330"]
[EventDate "1975.03.05"]
[WhiteFideId "-1"]
[BlackFideId "-1"]
[PlyCount "84"]
[Beauty "7492167797278"]
[GameId "272191863055"]
[EventType "tourn"]
[EventRounds "17"]
[EventCountry "CUB"]
[EventCategory "8"]
[SourceTitle "EXT 1998"]
[Source "ChessBase"]
[SourceDate "1997.11.17"]
[SourceVersion "1"]
[SourceVersionDate "1997.11.17"]
[SourceQuality "1"]

1.e4 e5 2.Nf3 Nc6 3.Bb5 a6 4.Ba4 Nf6 5.O-O Be7 6.Re1 b5 7.Bb3 O-O 8.h3 d6 
9.c3 Na5 10.Bc2 c5 11.d4 Qc7 12.Nbd2 Nc6 13.d5 Nd8 14.a4 Rb8 15.axb5 axb5 
16.b4 Nb7 17.Nf1 Bd7 18.Be3 Rfc8 19.Bd3 Ra8 20.Qe2 c4 21.Bc2 Ne8 22.N3h2 
Qd8 23.Nf3 g6 24.Bh6 Nc7 25.Ng3 Rxa1 26.Rxa1 Ra8 27.Rxa8 Qxa8 28.Bg5 Bxg5 
29.Nxg5 Qa1+ 30.Kh2 Qxc3 31.Nf5 Bxf5 32.exf5 Qd4 33.Nxh7 Kxh7 34.fxg6+ Kg7
35.gxf7 Nd8 36.Be4 Nxf7 37.h4 Ne8 38.Qg4+ Kf8 39.Qf5 Qd2 40.g3 Qxb4 41.Bf3
Qd2 42.Bh5 Qxd5 0-1

[Event "12th Capablanca Memorial"]
[Site "Cienfuegos CUB"]
[Date "1975.03.17"]
[Round "10"]
[White "Ermenkov, Evgeny"]
[Black "Forintos, Gyozo"]
[Result "1/2-1/2"]
[WhiteElo "2450"]
[BlackElo "2490"]
[EventDate "1975.03.05"]
[WhiteFideId "-1"]
[BlackFideId "-1"]
[PlyCount "124"]
[Beauty "5020950991445"]
[GameId "272191863056"]
[EventType "tourn"]
[EventRounds "17"]
[EventCountry "CUB"]
[EventCategory "8"]
[SourceTitle "EXT 1998"]
[Source "ChessBase"]
[SourceDate "1997.11.17"]
[SourceVersion "1"]
[SourceVersionDate "1997.11.17"]
[SourceQuality "1"]

1.Nf3 g6 2.g3 Bg7 3.d4 c5 4.Bg2 cxd4 5.Nxd4 Nc6 6.Nb3 d6 7.Nc3 Be6 8.Nd5 
Rc8 9.e4 Qd7 10.O-O Bh3 11.c3 Bxg2 12.Kxg2 e6 13.Nf4 Nge7 14.Qe2 e5 15.Nd5
Nxd5 16.exd5 Ne7 17.Rd1 O-O 18.a4 b6 19.f3 Rc7 20.Bg5 f6 21.Be3 Rfc8 22.
Qb5 Nf5 23.Bf2 Qf7 24.a5 bxa5 25.Nxa5 Bh6 26.Qe2 Ne7 27.c4 Rb8 28.Rab1 Rd7
29.b4 Bf8 30.Nc6 Rbb7 31.Ra1 Nc8 32.Ra6 h5 33.Qa2 Kh7 34.c5 Bh6 35.Qc4 
Rbc7 36.Qb3 Bg7 37.Na5 Rd8 38.Nc4 Bf8 39.c6 Re8 40.b5 f5 41.Qa4 f4 42.Nd2 
Bh6 43.Ne4 fxg3 44.hxg3 Rf8 45.Qb3 g5 46.Ra3 g4 47.fxg4 hxg4 48.Rh1 Qg6 
49.Qe3 Rcf7 50.Raa1 Kg7 51.Qxh6+ Qxh6 52.Rxh6 Kxh6 53.Be3+ Kg6 54.Ng5 Re7 
55.Rh1 Nb6 56.Ne6 Rb8 57.Bxb6 axb6 58.Rf1 Ra7 59.Nf8+ Kg7 60.Ne6+ Kg6 61.
Nf8+ Kg7 62.Ne6+ Kg6 1/2-1/2

[Event "12th Capablanca Memorial"]
[Site "Cienfuegos CUB"]
[Date "1975.03.17"]
[Round "10"]
[White "Jansa, Vlastimil"]
[Black "Garcia Martinez, Silvino"]
[Result "1/2-1/2"]
[WhiteElo "2540"]
[BlackElo "2445"]
[EventDate "1975.03.05"]
[WhiteFideId "-1"]
[BlackFideId "-1"]
[PlyCount "54"]
[Beauty "6597472430089"]
[GameId "272191862980"]
[EventType "tourn"]
[EventRounds "17"]
[EventCountry "CUB"]
[EventCategory "8"]
[SourceTitle "EXT 1998"]
[Source "ChessBase"]
[SourceDate "1997.11.17"]
[SourceVersion "1"]
[SourceVersionDate "1997.11.17"]
[SourceQuality "1"]

1.e4 c5 2.Nf3 Nc6 3.Bb5 e6 4.O-O Nge7 5.b3 Nd4 6.Nxd4 cxd4 7.Bb2 a6 8.Bd3 
Nc6 9.c3 Bc5 10.cxd4 Nxd4 11.Nc3 O-O 12.e5 d5 13.Rc1 f5 14.exf6 Rxf6 15.
Ne2 Qb6 16.Rxc5 Nxe2+ 17.Qxe2 Qxc5 18.Bxf6 gxf6 19.Qg4+ Kh8 20.Qh4 Qe7 21.
f4 Bd7 22.Rf3 Rf8 23.Bg6 Kg8 24.Rh3 Qc5+ 25.Kf1 Bb5+ 26.d3 Qc1+ 27.Ke2 
Qc2+ 1/2-1/2

[Event "12th Capablanca Memorial"]
[Site "Cienfuegos CUB"]
[Date "1975.03.17"]
[Round "10"]
[White "Lebredo Zarragoitia, Gerardo"]
[Black "Hernandez, Jose de Jesus"]
[Result "1/2-1/2"]
[WhiteElo "2335"]
[BlackElo "2310"]
[EventDate "1975.03.05"]
[WhiteFideId "-1"]
[BlackFideId "-1"]
[PlyCount "81"]
[Beauty "6116993928201"]
[GameId "272191863057"]
[EventType "tourn"]
[EventRounds "17"]
[EventCountry "CUB"]
[EventCategory "8"]
[SourceTitle "EXT 1998"]
[Source "ChessBase"]
[SourceDate "1997.11.17"]
[SourceVersion "1"]
[SourceVersionDate "1997.11.17"]
[SourceQuality "1"]

1.g3 e5 2.Bg2 Nf6 3.d3 c6 4.Nf3 Qc7 5.c4 a5 6.Nc3 Na6 7.O-O Be7 8.Bg5 d6 
9.a3 Nc5 10.b4 Ne6 11.Bd2 O-O 12.bxa5 Rxa5 13.Qb1 Bd7 14.Qb2 Rfa8 15.Rfb1 
Bc8 16.Bh3 Nd8 17.Bxc8 Qxc8 18.e4 Nd7 19.Be3 Nc5 20.Bxc5 Rxc5 21.Nd2 Rca5 
22.c5 Qe6 23.cxd6 Bxd6 24.a4 Bc7 25.Nc4 R5a6 26.Ra3 Qh3 27.Rb3 h5 28.f3 h4
29.Qg2 Qd7 30.Qd2 Ne6 31.Rxb7 Nc5 32.R7b4 Nxa4 33.Nxa4 Rxa4 34.Rxa4 Rxa4 
35.Rc1 h3 36.g4 Qd4+ 37.Kf1 Bb6 38.Nxb6 Qxb6 39.Ke2 Qa6 40.Rc2 Ra1 41.Kf2 
1/2-1/2

[Event "12th Capablanca Memorial"]
[Site "Cienfuegos CUB"]
[Date "1975.03.17"]
[Round "10"]
[White "Sigurjonsson, Gudmundur"]
[Black "Triana, Justo"]
[Result "1/2-1/2"]
[WhiteElo "2475"]
[BlackElo "2310"]
[EventDate "1975.03.05"]
[WhiteFideId "-1"]
[BlackFideId "-1"]
[PlyCount "32"]
[Beauty "6597203984390"]
[GameId "272191863058"]
[EventType "tourn"]
[EventRounds "17"]
[EventCountry "CUB"]
[EventCategory "8"]
[SourceTitle "EXT 1998"]
[Source "ChessBase"]
[SourceDate "1997.11.17"]
[SourceVersion "1"]
[SourceVersionDate "1997.11.17"]
[SourceQuality "1"]

1.Nf3 Nf6 2.g3 d5 3.Bg2 e6 4.O-O Be7 5.c4 O-O 6.d4 dxc4 7.Ne5 Nc6 8.Nxc6 
bxc6 9.Na3 Bxa3 10.bxa3 Nd5 11.Qa4 Rb8 12.Qxc4 Rb6 13.Rd1 Ba6 14.Qc2 f5 
15.e4 fxe4 16.Bxe4 h6 1/2-1/2

[Event "12th Capablanca Memorial"]
[Site "Cienfuegos CUB"]
[Date "1975.03.17"]
[Round "10"]
[White "Sydor, Andrzej"]
[Black "Andersson, Ulf"]
[Result "0-1"]
[WhiteElo "2395"]
[BlackElo "2565"]
[EventDate "1975.03.05"]
[WhiteFideId "-1"]
[BlackFideId "-1"]
[PlyCount "96"]
[Beauty "7078777198087"]
[GameId "272191862989"]
[EventType "tourn"]
[EventRounds "17"]
[EventCountry "CUB"]
[EventCategory "8"]
[SourceTitle "EXT 1998"]
[Source "ChessBase"]
[SourceDate "1997.11.17"]
[SourceVersion "1"]
[SourceVersionDate "1997.11.17"]
[SourceQuality "1"]

1.e4 c5 2.Nf3 d6 3.Bb5+ Bd7 4.Bxd7+ Qxd7 5.c4 Nc6 6.O-O Nf6 7.Nc3 e6 8.d4 
cxd4 9.Nxd4 Be7 10.b3 O-O 11.Bb2 a6 12.Qd3 Rfd8 13.Rad1 b5 14.cxb5 Nxd4 
15.Qxd4 axb5 16.e5 dxe5 17.Qxe5 Qb7 18.Rxd8+ Bxd8 19.Qxb5 Qxb5 20.Nxb5 
Rxa2 21.Bd4 Be7 22.f3 Rd2 23.Rc1 h5 24.Rb1 Nd5 25.Bf2 h4 26.h3 Kh7 27.Bd4 
Rxd4 28.Nxd4 Bc5 29.b4 Bxd4+ 30.Kf1 Kg6 31.b5 Kf5 32.Rb3 Kf4 33.Ra3 Kg3 
34.f4+ Kxf4 35.Rf3+ Ke4 36.Rxf7 Kd3 37.Rf8 Kc4 38.Rb8 Nb6 39.Re8 e5 40.Ke2
Kxb5 41.Re7 g6 42.Kf3 Kc4 43.Rh7 Kd3 44.Rxh4 Nc4 45.Rg4 e4+ 46.Kg3 e3 47.
Rxg6 e2 48.Re6 Ne5 0-1

[Event "12th Capablanca Memorial"]
[Site "Cienfuegos CUB"]
[Date "1975.03.17"]
[Round "10"]
[White "Vasiukov, Evgeny"]
[Black "Garcia Gonzales, Guillermo"]
[Result "1-0"]
[WhiteElo "2560"]
[BlackElo "2485"]
[EventDate "1975.03.05"]
[WhiteFideId "-1"]
[BlackFideId "-1"]
[PlyCount "80"]
[Beauty "7633230629896"]
[GameId "272191862995"]
[EventType "tourn"]
[EventRounds "17"]
[EventCountry "CUB"]
[EventCategory "8"]
[SourceTitle "EXT 1998"]
[Source "ChessBase"]
[SourceDate "1997.11.17"]
[SourceVersion "1"]
[SourceVersionDate "1997.11.17"]
[SourceQuality "1"]

1.e4 e5 2.Nf3 Nc6 3.Bc4 Be7 4.d4 d6 5.dxe5 dxe5 6.Qxd8+ Bxd8 7.Nc3 Nf6 8.
Be3 Nd7 9.O-O-O Nb6 10.Bb5 f6 11.a4 Bd7 12.a5 Nc8 13.a6 Nd6 14.axb7 Rb8 
15.Ba4 Rxb7 16.Bc5 Be7 17.Nd5 Na5 18.Bxd7+ Kxd7 19.Nd2 Rd8 20.Rhe1 Ke8 21.
f4 Nc6 22.fxe5 Nxe5 23.Nf3 Nc8 24.Nxe5 fxe5 25.Bxe7 Nxe7 26.c3 Nc8 27.Kc2 
Nd6 28.Nb4 Nf7 29.Rxd8+ Kxd8 30.Rd1+ Ke7 31.Rd5 Ke6 32.Na6 c6 33.Nc5+ Ke7 
34.Nxb7 cxd5 35.exd5 e4 36.c4 Ne5 37.Kc3 e3 38.b3 g5 39.Nc5 a5 40.h3 h5 
1-0

[Event "12th Capablanca Memorial"]
[Site "Cienfuegos CUB"]
[Date "1975.03.17"]
[Round "10"]
[White "Vogt, Lothar"]
[Black "Estevez Morales, Guillermo"]
[Result "1-0"]
[WhiteElo "2450"]
[BlackElo "2330"]
[EventDate "1975.03.05"]
[WhiteFideId "-1"]
[BlackFideId "-1"]
[PlyCount "41"]
[Beauty "8247679385607"]
[GameId "272191863059"]
[EventType "tourn"]
[EventRounds "17"]
[EventCountry "CUB"]
[EventCategory "8"]
[SourceTitle "EXT 1998"]
[Source "ChessBase"]
[SourceDate "1997.11.17"]
[SourceVersion "1"]
[SourceVersionDate "1997.11.17"]
[SourceQuality "1"]

1.e4 c5 2.Nf3 Nc6 3.d4 cxd4 4.Nxd4 g6 5.Nc3 Bg7 6.Be3 Nf6 7.Bc4 O-O 8.Bb3 
Qc7 9.h3 a6 10.O-O Na5 11.Qd3 d6 12.Rfe1 Nxb3 13.axb3 Be6 14.f4 Bd7 15.Nf3
Rad8 16.Bd4 d5 17.e5 Bf5 18.Qe3 Nd7 19.Nxd5 Qxc2 20.g4 Bd3 21.Nb4 1-0

[Event "12th Capablanca Memorial"]
[Site "Cienfuegos CUB"]
[Date "1975.03.18"]
[Round "11"]
[White "Andersson, Ulf"]
[Black "Ermenkov, Evgeny"]
[Result "1-0"]
[WhiteElo "2565"]
[BlackElo "2450"]
[EventDate "1975.03.05"]
[WhiteFideId "-1"]
[BlackFideId "-1"]
[PlyCount "89"]
[Beauty "7357547414581"]
[GameId "272191862954"]
[EventType "tourn"]
[EventRounds "17"]
[EventCountry "CUB"]
[EventCategory "8"]
[SourceTitle "EXT 1998"]
[Source "ChessBase"]
[SourceDate "1997.11.17"]
[SourceVersion "1"]
[SourceVersionDate "1997.11.17"]
[SourceQuality "1"]

1.Nf3 Nf6 2.c4 g6 3.g3 Bg7 4.Bg2 O-O 5.O-O d5 6.d4 Nc6 7.Nbd2 dxc4 8.Nxc4 
Be6 9.Nce5 Bd5 10.Bf4 Nxe5 11.dxe5 Ne4 12.Qc2 c6 13.Ne1 f5 14.exf6 Nxf6 
15.Rd1 Qa5 16.b3 Kh8 17.Bd2 Qc7 18.Bxd5 Nxd5 19.Nd3 e5 20.e4 Nf6 21.f3 
Rae8 22.Kg2 Rf7 23.Qc4 h6 24.Nc5 Rfe7 25.Be3 Nh7 26.b4 Nf8 27.Rd2 Rd8 28.
Rfd1 Rxd2+ 29.Rxd2 g5 30.a4 Qc8 31.h3 Bf6 32.a5 Kg7 33.Nb3 Ne6 34.Rd6 Nc7 
35.a6 Ne8 36.axb7 Rxb7 37.Rxc6 Qb8 38.Bc5 Qd8 39.Bf2 Qd1 40.Nc5 Rf7 41.
Ne6+ Kg6 42.Nc5 h5 43.Qe6 Ng7 44.Qd5 Qe2 45.Nd7 1-0

[Event "12th Capablanca Memorial"]
[Site "Cienfuegos CUB"]
[Date "1975.03.18"]
[Round "11"]
[White "Estevez Morales, Guillermo"]
[Black "Sigurjonsson, Gudmundur"]
[Result "0-1"]
[WhiteElo "2330"]
[BlackElo "2475"]
[EventDate "1975.03.05"]
[WhiteFideId "-1"]
[BlackFideId "-1"]
[PlyCount "80"]
[Beauty "7632156892167"]
[GameId "272191863060"]
[EventType "tourn"]
[EventRounds "17"]
[EventCountry "CUB"]
[EventCategory "8"]
[SourceTitle "EXT 1998"]
[Source "ChessBase"]
[SourceDate "1997.11.17"]
[SourceVersion "1"]
[SourceVersionDate "1997.11.17"]
[SourceQuality "1"]

1.Nf3 Nf6 2.g3 b5 3.Bg2 Bb7 4.O-O e6 5.d3 d6 6.Nbd2 Nbd7 7.b3 c5 8.c4 a6 
9.Bb2 Be7 10.e3 O-O 11.Qe2 Qb6 12.e4 Rfe8 13.d4 cxd4 14.Bxd4 Qc6 15.Rfc1 
b4 16.Ne1 e5 17.Be3 Nc5 18.f3 a5 19.Nc2 Reb8 20.Bf2 Bc8 21.Ne3 Bd8 22.Nd5 
a4 23.Bf1 Ra5 24.Qd1 Qa8 25.Rcb1 Bd7 26.Be2 h6 27.Nf1 Nxd5 28.cxd5 axb3 
29.axb3 Nxb3 30.Rxa5 Nxa5 31.Nd2 Qb7 32.Kg2 b3 33.Nc4 Nxc4 34.Bxc4 Ba4 35.
Be1 Qb6 36.Bf2 Qb4 37.Qd3 Qa3 38.f4 Bf6 39.f5 Qa2 40.Rd1 Qc2 0-1

[Event "12th Capablanca Memorial"]
[Site "Cienfuegos CUB"]
[Date "1975.03.18"]
[Round "11"]
[White "Forintos, Gyozo"]
[Black "Balashov, Yury"]
[Result "1/2-1/2"]
[WhiteElo "2490"]
[BlackElo "2540"]
[EventDate "1975.03.05"]
[WhiteFideId "-1"]
[BlackFideId "-1"]
[PlyCount "28"]
[Beauty "6597069766657"]
[GameId "272191863061"]
[EventType "tourn"]
[EventRounds "17"]
[EventCountry "CUB"]
[EventCategory "8"]
[SourceTitle "EXT 1998"]
[Source "ChessBase"]
[SourceDate "1997.11.17"]
[SourceVersion "1"]
[SourceVersionDate "1997.11.17"]
[SourceQuality "1"]

1.c4 e6 2.Nf3 Nf6 3.g3 d5 4.Bg2 Be7 5.O-O O-O 6.b3 c5 7.Bb2 Nc6 8.e3 b6 9.
Qe2 Bb7 10.d3 Qc7 11.Nc3 dxc4 12.dxc4 a6 13.Rfd1 Rad8 14.Rxd8 Rxd8 1/2-1/2

[Event "12th Capablanca Memorial"]
[Site "Cienfuegos CUB"]
[Date "1975.03.18"]
[Round "11"]
[White "Garcia Gonzales, Guillermo"]
[Black "Vogt, Lothar"]
[Result "1/2-1/2"]
[WhiteElo "2485"]
[BlackElo "2450"]
[EventDate "1975.03.05"]
[WhiteFideId "-1"]
[BlackFideId "-1"]
[PlyCount "72"]
[Beauty "6322728730631"]
[GameId "272191863062"]
[EventType "tourn"]
[EventRounds "17"]
[EventCountry "CUB"]
[EventCategory "8"]
[SourceTitle "EXT 1998"]
[Source "ChessBase"]
[SourceDate "1997.11.17"]
[SourceVersion "1"]
[SourceVersionDate "1997.11.17"]
[SourceQuality "1"]

1.c4 Nf6 2.Nc3 d6 3.d4 Nbd7 4.Nf3 g6 5.e4 Bg7 6.Be2 O-O 7.O-O e5 8.Be3 Ng4
9.Bg5 f6 10.Bc1 Nh6 11.h3 c6 12.dxe5 dxe5 13.b3 Nf7 14.a4 a5 15.Ba3 Re8 
16.Qc2 Bf8 17.Bxf8 Nxf8 18.c5 Qe7 19.Nd1 Ne6 20.Rc1 Nf4 21.Ne3 Nxe2+ 22.
Qxe2 Be6 23.Rc3 Red8 24.Rfc1 Rd7 25.Nc4 Bxc4 26.Qxc4 Kg7 27.Rd3 Rad8 28.
Rxd7 Rxd7 29.Kf1 Qd8 30.Ke2 Kf8 31.Rc2 Ke7 32.Qc3 Qc7 33.Rd2 Nd8 34.Rxd7+ 
Kxd7 35.Ne1 Ne6 36.Nd3 Ke7 1/2-1/2

[Event "12th Capablanca Memorial"]
[Site "Cienfuegos CUB"]
[Date "1975.03.18"]
[Round "11"]
[White "Garcia Martinez, Silvino"]
[Black "Vasiukov, Evgeny"]
[Result "1-0"]
[WhiteElo "2445"]
[BlackElo "2560"]
[EventDate "1975.03.05"]
[WhiteFideId "-1"]
[BlackFideId "-1"]
[PlyCount "79"]
[Beauty "7699668465208"]
[GameId "272191862976"]
[EventType "tourn"]
[EventRounds "17"]
[EventCountry "CUB"]
[EventCategory "8"]
[SourceTitle "EXT 1998"]
[Source "ChessBase"]
[SourceDate "1997.11.17"]
[SourceVersion "1"]
[SourceVersionDate "1997.11.17"]
[SourceQuality "1"]

1.e4 c5 2.Nf3 Nc6 3.d4 cxd4 4.Nxd4 Nf6 5.Nc3 d6 6.Bg5 e6 7.Qd2 a6 8.O-O-O 
Bd7 9.f3 Be7 10.h4 h6 11.Be3 b5 12.g4 Ne5 13.a3 Rc8 14.Kb1 Kf8 15.Be2 Kg8 
16.g5 hxg5 17.hxg5 Nh5 18.f4 Nc4 19.Bxc4 Rxc4 20.f5 g6 21.f6 Bf8 22.Nf3 b4
23.axb4 Rxb4 24.Ne5 Rb7 25.Nxd7 Qxd7 26.Bc5 Qc6 27.Bxd6 Rd7 28.e5 Rh7 29.
Rhg1 Rh8 30.Rg4 Bxd6 31.exd6 Kh7 32.Rh4 Rb8 33.Ne4 Kg8 34.Qc3 Qb5 35.Rd4 
Qf1+ 36.Ka2 Nf4 37.Nd2 Qg2 38.Rdxf4 Rxd6 39.Nb3 Rc6 40.Qh3 1-0

[Event "12th Capablanca Memorial"]
[Site "Cienfuegos CUB"]
[Date "1975.03.18"]
[Round "11"]
[White "Hernandez, Jose de Jesus"]
[Black "Jansa, Vlastimil"]
[Result "0-1"]
[WhiteElo "2310"]
[BlackElo "2540"]
[EventDate "1975.03.05"]
[WhiteFideId "-1"]
[BlackFideId "-1"]
[PlyCount "82"]
[Beauty "7561021509173"]
[GameId "272191863063"]
[EventType "tourn"]
[EventRounds "17"]
[EventCountry "CUB"]
[EventCategory "8"]
[SourceTitle "EXT 1998"]
[Source "ChessBase"]
[SourceDate "1997.11.17"]
[SourceVersion "1"]
[SourceVersionDate "1997.11.17"]
[SourceQuality "1"]

1.e4 c5 2.Nf3 Nc6 3.d4 cxd4 4.Nxd4 Nf6 5.Nc3 d6 6.Be2 e5 7.Nb3 Be7 8.O-O 
O-O 9.f4 a5 10.a4 Nb4 11.Kh1 Qc7 12.Bf3 Be6 13.Rf2 Qb6 14.Re2 Nxc2 15.Qxc2
Bxb3 16.Be3 Qb4 17.Qd2 Rfc8 18.f5 h6 19.h4 d5 20.exd5 Qxh4+ 21.Kg1 Ng4 22.
Bxg4 Qxg4 23.d6 Bxd6 24.Qxd6 Rxc3 25.Qxe5 Rc4 26.Bd2 Bxa4 27.Bc3 Re8 28.
Qxe8+ Bxe8 29.Rxe8+ Kh7 30.f6 g5 31.Rae1 Qh5 32.Rf8 Rh4 33.Re7 Rh1+ 34.Kf2
Qh4+ 35.Ke2 Qc4+ 36.Ke3 Kg6 37.Rg8+ Kh5 38.Re4 Qc5+ 39.Ke2 Qb5+ 40.Ke3 
Qc5+ 41.Ke2 Rh2 0-1

[Event "12th Capablanca Memorial"]
[Site "Cienfuegos CUB"]
[Date "1975.03.18"]
[Round "11"]
[White "Pesantes Carbajal, Carlos"]
[Black "Sydor, Andrzej"]
[Result "0-1"]
[WhiteElo "2330"]
[BlackElo "2395"]
[EventDate "1975.03.05"]
[WhiteFideId "-1"]
[BlackFideId "-1"]
[PlyCount "124"]
[Beauty "6258862066728"]
[GameId "272191863064"]
[EventType "tourn"]
[EventRounds "17"]
[EventCountry "CUB"]
[EventCategory "8"]
[SourceTitle "EXT 1998"]
[Source "ChessBase"]
[SourceDate "1997.11.17"]
[SourceVersion "1"]
[SourceVersionDate "1997.11.17"]
[SourceQuality "1"]

1.d4 Nf6 2.c4 e6 3.Nf3 d5 4.Nc3 Bb4 5.Qc2 dxc4 6.e3 b5 7.a4 c6 8.g3 Bb7 9.
Bg2 Nbd7 10.O-O a6 11.e4 c5 12.e5 Nd5 13.Rd1 Qb6 14.Be3 h6 15.Ne4 Nxe3 16.
fxe3 cxd4 17.Rxd4 Bxe4 18.Qxe4 Rd8 19.axb5 axb5 20.Rdd1 O-O 21.Nd4 Nb8 22.
Qb7 Qc5 23.Qe4 Rd5 24.Nf3 Nc6 25.Kh1 c3 26.bxc3 Bxc3 27.Rdc1 b4 28.Nd4 
Nxd4 29.exd4 Rxd4 30.Qf3 Qxe5 31.Ra7 Qb8 32.Rb7 Qd8 33.Rf1 Rd7 34.Rb5 Qe7 
35.Qh5 Ra7 36.Be4 Ra1 37.Bb1 Raa8 38.Qe2 Rab8 39.Rh5 Qb7+ 40.Be4 Qd7 41.g4
Qd2 42.Qf3 g6 43.Rc5 Bd4 44.Rc7 Be5 45.Rc2 Qd8 46.Qb3 Qd4 47.Rc4 Qb2 48.
Qh3 Kg7 49.Rb1 Qd2 50.Rc2 Qd4 51.Qf3 b3 52.Rf2 Rb4 53.Re2 b2 54.Rf1 Rc4 
55.Bc2 Qc3 56.Qg2 Rf4 57.Rfe1 Bf6 58.Be4 Rb8 59.Rd1 Rb4 60.Bb1 Rxg4 61.Qa8
Rbd4 62.Rf1 Rdf4 0-1

[Event "12th Capablanca Memorial"]
[Site "Cienfuegos CUB"]
[Date "1975.03.18"]
[Round "11"]
[White "Razuvaev, Yury"]
[Black "Lebredo Zarragoitia, Gerardo"]
[Result "1/2-1/2"]
[WhiteElo "2510"]
[BlackElo "2335"]
[EventDate "1975.03.05"]
[WhiteFideId "-1"]
[BlackFideId "-1"]
[PlyCount "41"]
[Beauty "6597338202119"]
[GameId "272191863065"]
[EventType "tourn"]
[EventRounds "17"]
[EventCountry "CUB"]
[EventCategory "8"]
[SourceTitle "EXT 1998"]
[Source "ChessBase"]
[SourceDate "1997.11.17"]
[SourceVersion "1"]
[SourceVersionDate "1997.11.17"]
[SourceQuality "1"]

1.d4 e6 2.e4 d5 3.Nc3 Bb4 4.e5 b6 5.a3 Bxc3+ 6.bxc3 Qd7 7.a4 Ba6 8.Bxa6 
Nxa6 9.Qg4 f5 10.Qh5+ g6 11.Qe2 Nb8 12.h4 h6 13.Nh3 Nc6 14.Nf4 Nge7 15.g4 
O-O-O 16.gxf5 Nxf5 17.Nxg6 Rhg8 18.h5 Na5 19.Qb5 Qxb5 20.axb5 c6 21.bxc6 
1/2-1/2

[Event "12th Capablanca Memorial"]
[Site "Cienfuegos CUB"]
[Date "1975.03.19"]
[Round "12"]
[White "Balashov, Yury"]
[Black "Andersson, Ulf"]
[Result "0-1"]
[WhiteElo "2540"]
[BlackElo "2565"]
[EventDate "1975.03.05"]
[WhiteFideId "-1"]
[BlackFideId "-1"]
[PlyCount "62"]
[Beauty "8248484696585"]
[GameId "272191862958"]
[EventType "tourn"]
[EventRounds "17"]
[EventCountry "CUB"]
[EventCategory "8"]
[SourceTitle "EXT 1998"]
[Source "ChessBase"]
[SourceDate "1997.11.17"]
[SourceVersion "1"]
[SourceVersionDate "1997.11.17"]
[SourceQuality "1"]

1.e4 c5 2.Nf3 e6 3.d4 cxd4 4.Nxd4 Nf6 5.Nc3 d6 6.g4 h6 7.h4 Nc6 8.Rg1 h5 
9.gxh5 Nxh5 10.Bg5 Nf6 11.Qd2 Qb6 12.Nb3 a6 13.O-O-O Bd7 14.Bg2 Qc7 15.
Rge1 Be7 16.f4 O-O-O 17.Nd5 exd5 18.exd5 Nxd5 19.Bxd5 f6 20.Bxc6 Bxc6 21.
Nd4 fxg5 22.Ne6 Qd7 23.Nxd8 Bxd8 24.hxg5 Bc7 25.Qd4 Rf8 26.Rd2 Qf7 27.Kb1 
g6 28.Rf2 Kb8 29.a3 Ka8 30.Rff1 Bb8 31.Rd1 Qf5 0-1

[Event "12th Capablanca Memorial"]
[Site "Cienfuegos CUB"]
[Date "1975.03.19"]
[Round "12"]
[White "Diaz Diaz, Joaquin"]
[Black "Sydor, Andrzej"]
[Result "1/2-1/2"]
[WhiteElo "2335"]
[BlackElo "2395"]
[EventDate "1975.03.05"]
[WhiteFideId "-1"]
[BlackFideId "-1"]
[PlyCount "36"]
[Beauty "6597224955912"]
[GameId "272191863067"]
[EventType "tourn"]
[EventRounds "17"]
[EventCountry "CUB"]
[EventCategory "8"]
[SourceTitle "EXT 1998"]
[Source "ChessBase"]
[SourceDate "1997.11.17"]
[SourceVersion "1"]
[SourceVersionDate "1997.11.17"]
[SourceQuality "1"]

1.e4 e5 2.Nf3 Nc6 3.Bb5 Bc5 4.O-O Nf6 5.c3 O-O 6.d4 Bb6 7.Bg5 d6 8.dxe5 
Nxe5 9.Nbd2 h6 10.Nxe5 hxg5 11.Nec4 Bg4 12.Qc2 Nh5 13.Nxb6 axb6 14.f3 Be6 
15.Bc4 Qf6 16.Bxe6 Qxe6 17.Nb3 Qc4 18.a3 Rae8 1/2-1/2

[Event "12th Capablanca Memorial"]
[Site "Cienfuegos CUB"]
[Date "1975.03.19"]
[Round "12"]
[White "Ermenkov, Evgeny"]
[Black "Pesantes Carbajal, Carlos"]
[Result "1/2-1/2"]
[WhiteElo "2450"]
[BlackElo "2330"]
[EventDate "1975.03.05"]
[WhiteFideId "-1"]
[BlackFideId "-1"]
[PlyCount "90"]
[Beauty "5841713369609"]
[GameId "272191863068"]
[EventType "tourn"]
[EventRounds "17"]
[EventCountry "CUB"]
[EventCategory "8"]
[SourceTitle "EXT 1998"]
[Source "ChessBase"]
[SourceDate "1997.11.17"]
[SourceVersion "1"]
[SourceVersionDate "1997.11.17"]
[SourceQuality "1"]

1.e4 e5 2.Nf3 Nc6 3.Bb5 a6 4.Ba4 Nf6 5.O-O Be7 6.Bxc6 dxc6 7.Qe1 Nd7 8.d4 
Bf6 9.Be3 exd4 10.Bxd4 Bxd4 11.Nxd4 Nc5 12.Qe3 Qe7 13.Nc3 O-O 14.Rad1 a5 
15.Rfe1 Re8 16.Qg3 Be6 17.Rd2 Rad8 18.Red1 g6 19.Qe3 Bd7 20.f3 f5 21.Nb3 
Nxb3 22.cxb3 Bc8 23.Rxd8 Rxd8 24.Rxd8+ Qxd8 25.e5 b6 26.Ne2 c5 27.e6 c6 
28.h4 Qxh4 29.Nf4 Qd8 30.e7 Qe8 31.Nh3 f4 32.Nxf4 Kf7 33.Nd3 Qxe7 34.Ne5+ 
Kg8 35.f4 Qd6 36.Kh2 Be6 37.Qg3 Kg7 38.Qg5 Bf5 39.Nc4 Qc7 40.Qg3 Kg8 41.
Qe3 Qd8 42.Qe5 h5 43.Nd6 Qd7 44.Kg3 Bb1 45.Qf6 b5 1/2-1/2

[Event "12th Capablanca Memorial"]
[Site "Cienfuegos CUB"]
[Date "1975.03.19"]
[Round "12"]
[White "Jansa, Vlastimil"]
[Black "Razuvaev, Yury"]
[Result "0-1"]
[WhiteElo "2540"]
[BlackElo "2510"]
[EventDate "1975.03.05"]
[WhiteFideId "-1"]
[BlackFideId "-1"]
[PlyCount "113"]
[Beauty "6598546191368"]
[GameId "272191863069"]
[EventType "tourn"]
[EventRounds "17"]
[EventCountry "CUB"]
[EventCategory "8"]
[SourceTitle "EXT 1998"]
[Source "ChessBase"]
[SourceDate "1997.11.17"]
[SourceVersion "1"]
[SourceVersionDate "1997.11.17"]
[SourceQuality "1"]

1.e4 e5 2.Nf3 Nc6 3.Bb5 a6 4.Ba4 Nf6 5.O-O Be7 6.Re1 b5 7.Bb3 d6 8.c3 O-O 
9.h3 Nd7 10.d4 Bf6 11.a4 Na5 12.Bc2 Bb7 13.Nbd2 c5 14.axb5 axb5 15.Nf1 
cxd4 16.cxd4 Nc6 17.Rxa8 Qxa8 18.d5 Nb4 19.Bb1 Nc5 20.N3h2 Bc8 21.Be3 g6 
22.Qd2 Qa4 23.Qc3 Nba6 24.Nd2 Bd7 25.Bc2 b4 26.Qc4 Qa5 27.Nb3 Nxb3 28.Bxb3
Bg7 29.Qf1 Nc5 30.Ra1 Qb6 31.Nf3 Rc8 32.Ba4 Bxa4 33.Rxa4 Bh6 34.Bxc5 Rxc5 
35.Qe2 Rc1+ 36.Kh2 Qc5 37.Ne1 b3 38.Nd3 Rc2 39.Qf3 Qc7 40.Rb4 Rc4 41.Rxb3 
f5 42.exf5 e4 43.Qg3 exd3 44.Qxd3 gxf5 45.Qxf5 Qf7 46.Rb8+ Kg7 47.Qxf7+ 
Kxf7 48.Rb7+ Kg6 49.b4 Bg7 50.Rd7 Be5+ 51.g3 Rc2 52.Kg2 h5 53.Kf1 Kf5 54.
f4 Bc3 55.Re7 Bxb4 56.Re2 Rxe2 57.Kxe2 0-1